Sociální filosofie a postmoderní etika / Axel Honneth ; [z německých originálů přeložila Alena Bakešová a Josef Velek]
Record details
- ISBN: 80-7007-082-X
- Physical Description: 143 s. ; 19 cm
- Edition: Vyd. 1.
- Publisher: Praha : Filosofia, 1996
Content descriptions
| General Note: | Editor a předml. Josef Velek Vydavatel: Filosofický ústav AV ČR Pozn. |
| Bibliography, etc. Note: | Odkazy na lit. |
Search for related items by subject
| Subject: | sociální filozofie etika > postmoderní společnost |
| Genre: | sborníky studie |
Search for related items by series
Available copies
- 1 of 1 copy available at Common Catalog SPOK.
Holds
- 0 current holds with 1 total copy.
Show Only Available Copies
| Location | Call Number / Copy Notes | Barcode | Shelving Location | Status | Due Date |
|---|---|---|---|---|---|
| Jabok Library | FL-3/Ho | 424480019528 | Odborná literatura | Available | - |
| LDR | 01647nam a2200457 a 4500 | ||
|---|---|---|---|
| 001 | 11886 | ||
| 003 | CZ-PrJAB | ||
| 005 | 20220606091705.0 | ||
| 007 | tu | ||
| 008 | 961008s1996 xr e 000 0 cze | ||
| 015 | . | ‡acnb000138024 | |
| 020 | . | ‡a80-7007-082-X ‡q(brož.) | |
| 035 | . | ‡a(CZ PrNK)cpk19960138024 | |
| 035 | . | ‡a(OCoLC)36882081 | |
| 040 | . | ‡aABA001 ‡bcze | |
| 041 | 1 | . | ‡acze ‡hger |
| 072 | 7. | ‡a14 ‡xFilozofické systémy a hlediska ‡2Konspekt ‡95 | |
| 080 | . | ‡a130.1/.3 ‡2undef | |
| 080 | . | ‡a316 ‡2undef | |
| 080 | . | ‡a17 ‡2undef | |
| 100 | 1 | . | ‡aHonneth, Axel, ‡d1949- ‡7jn19981001475 ‡4aut |
| 245 | 1 | 0. | ‡aSociální filosofie a postmoderní etika / ‡cAxel Honneth ; [z německých originálů přeložila Alena Bakešová a Josef Velek] |
| 250 | . | ‡aVyd. 1. | |
| 260 | . | ‡aPraha : ‡bFilosofia, ‡c1996 | |
| 300 | . | ‡a143 s. ; ‡c19 cm | |
| 490 | 1 | . | ‡aMorální a politická filosofie ; ‡vsv. 1 |
| 500 | . | ‡aEditor a předml. Josef Velek | |
| 500 | . | ‡aVydavatel: Filosofický ústav AV ČR | |
| 500 | . | ‡aPozn. | |
| 504 | . | ‡aOdkazy na lit. | |
| 650 | 0 | 7. | ‡asociální filozofie ‡7ph125785 ‡2czenas |
| 650 | 0 | 7. | ‡aetika ‡7ph114488 ‡xpostmoderní společnost ‡2czenas |
| 655 | 7. | ‡asborníky ‡7fd163935 ‡2czenas | |
| 655 | 7. | ‡astudie ‡7fd133597 ‡2czenas | |
| 700 | 1 | . | ‡aBakešová, Alena, ‡d1957- ‡7jn20010309829 ‡4trl |
| 700 | 1 | . | ‡aVelek, Josef, ‡d1953- ‡7jn99240001257 ‡4edt ‡4aui |
| 710 | 2 | . | ‡aFilosofický ústav (Akademie věd ČR) ‡7kn20010709007 |
| 830 | 0. | ‡aMorální a politická filosofie | |
| 910 | . | ‡aABG312 | |
| 995 | . | ‡aska | |
| 901 | . | ‡a11886 ‡bCZ-PrJAB ‡c11886 ‡tbiblio | |